Engineering economy (Record no. 4218)

000 -LEADER
fixed length control field 00580nam a2200229 i 4500
001 - CONTROL NUMBER
control field 4218
003 - CONTROL NUMBER IDENTIFIER
control field BD-DhUET
008 - FIXED-LENGTH DATA ELEMENTS--GENERAL INFORMATION
fixed length control field 780213s1979 nyua b 001 0 eng
020 ## - INTERNATIONAL STANDARD BOOK NUMBER
International Standard Book Number 002328160X
040 ## - CATALOGING SOURCE
Original cataloging agency DLC
Transcribing agency DLC
Modifying agency BD-DhUET
082 ## - DEWEY DECIMAL CLASSIFICATION NUMBER
Classification number 658.92
Item number DEG/1979
100 1# - MAIN ENTRY--PERSONAL NAME
Personal name DeGarmo, E. Paul
245 10 - TITLE STATEMENT
Title Engineering economy
250 ## - EDITION STATEMENT
Edition statement 6th ed.
260 ## - PUBLICATION, DISTRIBUTION, ETC. (IMPRINT)
Place of publication, distribution, etc. London
Name of publisher, distributor, etc. Macmillan
Date of publication, distribution, etc. 1979
300 ## - PHYSICAL DESCRIPTION
Extent xv, 576p.
Other physical details ill.
Dimensions 24 cm.
504 ## - BIBLIOGRAPHY, ETC. NOTE
Bibliography, etc Includes bibliographies
650 #0 - SUBJECT ADDED ENTRY--TOPICAL TERM
Topical term or geographic name as entry element Engineering economy
700 ## - ADDED ENTRY--PERSONAL NAME
Personal name Canada, John R.
700 ## - ADDED ENTRY--PERSONAL NAME
Personal name Sullivan, William G.
942 ## - ADDED ENTRY ELEMENTS (KOHA)
Koha item type General Book
Holdings
Source of classification or shelving scheme Not for loan Koha date last borrowed Piece designation (barcode) Sublocation or collection (holding branch) Koha issues (times borrowed) Damaged status Location (home branch) Shelving location Koha date last seen Price effective from Date acquired Koha item type Koha normalized classification for sorting Copy number Koha full call number Lost status Withdrawn status
  2024-10-2871365Central Library, BUET1 Central Library, BUETCirculation section2024-12-032014-11-132014-11-13General Book658_920000000000000_DEG_19791658.92/DEG/1979  
   65414Central Library, BUET  Central Library, BUETCirculation section2015-02-282015-02-282015-02-28General Book658_920000000000000_DEG_19792658.92/DEG/1979  
   65112Central Library, BUET  Central Library, BUETCirculation section2015-02-282015-02-282015-02-28General Book658_920000000000000_DEG_19793658.92/DEG/1979  
   65410Central Library, BUET  Central Library, BUETCirculation section2015-02-282015-02-282015-02-28General Book658_920000000000000_DEG_19794658.92/DEG/1979  
   65107Central Library, BUET  Central Library, BUETCirculation section2015-02-282015-02-282015-02-28General Book658_920000000000000_DEG_19795658.92/DEG/1979  
   14958Central Library, BUET  Central Library, BUETCirculation section2015-03-042015-03-042015-03-04General Book658_920000000000000_DEG_19796658.92/DEG/1979